La tragedie arménienne de 1915

Gorde:
Xehetasun bibliografikoak
Egile nagusia: Maleville, Georges de (autor)
Formatua: Liburua
Hizkuntza:frantsesa
Argitaratua: París Lanore 1988
Gaiak:
Etiketak: Etiketa erantsi
Etiketarik gabe, Izan zaitez lehena erregistro honi etiketa jartzen!

MARC

LEADER 00000nam a2200000 a 4500
001 UCX4657
003 CL-VaPUC
008 920701e19880000FR |||||||||||||||||fre|d
082 0 4 |a 956.6015  |b MAL  |2 21 
100 |a Maleville, Georges de  |e autor  |9 320903 
245 1 3 |a La tragedie arménienne de 1915 
300 |a 147 p 
942 |c BK 
945 |d 19920701 00:00:00 
260 |a París  |b Lanore  |c 1988 
650 7 |a CUESTION ARMENIA  |2 CL-VaPUC  |9 320904 
651 7 |a ARMENIA  |2 CL-VaPUC  |9 320905 
583 |a last modification  |c 19920701 00:00:00  |k Rodrigo Vera 
999 |c 225070  |d 225068 
952 |0 0  |1 0  |4 0  |6 956_601500000000000_MAL_1988  |7 0  |8 A  |9 222248  |a BIBHIS  |b BIBHIS  |d 2019-11-15  |i 2910926  |o 956.6015 MAL 1988  |p 2910926  |r 2025-01-20  |w 2019-11-15  |y BK  |k HIS